Handbook of faith / (Record no. 1493)

MARC details
000 -LEADER
fixed length control field 00948pam a2200277 a 4500
001 - CONTROL NUMBER
control field 1053439
003 - CONTROL NUMBER IDENTIFIER
control field GBCCL
005 - DATE AND TIME OF LATEST TRANSACTION
control field 20241126110402.0
008 - FIXED-LENGTH DATA ELEMENTS--GENERAL INFORMATION
fixed length control field 900126s1990 alu b 001 0 eng
010 ## -
-- 90031685
020 ## - INTERNATIONAL STANDARD BOOK NUMBER
International Standard Book Number 0891350756
040 ## - CATALOGING SOURCE
Original cataloging agency DLC
Transcribing agency DLC
Modifying agency DLC
050 00 -
-- BT771.2
-- .H34 1990
082 00 - DEWEY DECIMAL CLASSIFICATION NUMBER
Classification number 234.2
Edition information 20
Item number HAN
245 00 - TITLE STATEMENT
Title Handbook of faith /
Statement of responsibility, etc. edited by James Michael Lee ; contributors, Monika K. Hellwig ... [et al.].
260 ## - PUBLICATION, DISTRIBUTION, ETC.
Place of publication, distribution, etc. Birmingham, Ala. :
Name of publisher, distributor, etc. Religious Education Press,
Date of publication, distribution, etc. c1990.
300 ## - PHYSICAL DESCRIPTION
Extent xii, 328 p. ;
Dimensions 24 cm.
504 ## - BIBLIOGRAPHY, ETC. NOTE
Bibliography, etc. note Includes bibliographical references and indexes.
650 #0 - SUBJECT ADDED ENTRY--TOPICAL TERM
Topical term or geographic name entry element Faith.
9 (RLIN) 2645
650 #0 - SUBJECT ADDED ENTRY--TOPICAL TERM
Topical term or geographic name entry element Faith
General subdivision Comparative studies.
9 (RLIN) 2996
700 1# - ADDED ENTRY--PERSONAL NAME
Personal name Lee, James Michael.
9 (RLIN) 2997
700 1# - ADDED ENTRY--PERSONAL NAME
Personal name Hellwig, Monika.
9 (RLIN) 2998
906 ## - LOCAL DATA ELEMENT F, LDF (RLIN)
a 7
b cbc
c orignew
d 1
e ocip
f 19
g y-gencatlg
942 ## - ADDED ENTRY ELEMENTS (KOHA)
Source of classification or shelving scheme Dewey Decimal Classification
Koha item type Books
Koha issues (borrowed), all copies 1
Holdings
Withdrawn status Lost status Source of classification or shelving scheme Damaged status Not for loan Home library Current Library Shelving location Date acquired Total checkouts Full call number Barcode Date last seen Date last checked out Copy number Price effective from Koha item type
    Dewey Decimal Classification     GRACE BIBLE COLLEGE GRACE BIBLE COLLEGE Theology 2017-05-03 2 234.2 HAN 007197 2025-05-01 2025-01-22 c.1 2017-05-03 Books
© Grace Bible College Library 2025